00884nam a22002657a 450000500170000001000110001702000100002803500110003803700160004904000120006508200180007710000290009524500690012424600060019325000120019926000470021127000130025830000440027150000510031565000360036665000440040294200260044699900190047295201270049120170124110241.0 a215500 c00.00 a215500 bCen Lib/Ret aDPLbEN a709.593bLEM  aLe May, Reginald 994806 aA concise history of buddhist art in Siam /cby Reginald Le May  b  a2nd ed  aRutland bCharles E. Tuttle Company c1963 bRutland  axxiii, 169p. :c27cm(Hb)bill. e maps  aIncludes bibliographical references and index  aBuddhist art -- History 994807 aBuddhist art -- History -- Siam 994808 2ddccENh709.593mLEM c135155d135155 001040718REFaLbLd2015-10-01eCen Lib/Retg0.00l0o709.593 LEMp215500r2015-10-01 00:00:00t1v0.00w2015-10-01yEN